00661ntaaa2200217 45000030003000000050017000030080021000200200015000410400037000560820018000931000038001112450026001492500010001752600036001853000020002215000117002416500015003586500013003737000030003867000027004160120251027203111.00714s1973 ag 01  a9879403010 aAR-BaBNbspacAR-BaBNeaacrdRIC a200.1900 Av3p aAvendan˃o Amador, Cesar Roberto  aPsicologia y religion a1 ed. aBuenos Aires : bKairos, c1999 a209 p ; c21 cm aDialogo abierto entre distintas disciplinas afines. Contiene notas y referencias bibliograficas y bibliografias. aPsicologia aReligion aGonzalez Montoya, Susana  aHerrera Obregon, Irma